[Event "12th EUR-ch"]
[Site "Aix-les-Bains FRA"]
[Date "2011.03.23"]
[Round "2.15"]
[White "Mastrovasilis, Athanasios"]
[Black "Nisipeanu, Liviu-Dieter"]
[Result "0-1"]
[WhiteElo "2547"]
[BlackElo "2673"]
[EventDate "2011.03.22"]
[PlyCount "94"]

1.d4 g6 2.Nf3 Bg7 3.c4 d6 4.g3 Nd7 5.Bg2 e5 6.Nc3 Ne7 7.h4 exd4 8.Nxd4 O-O
9.h5 Nb6 10.hxg6 fxg6 11.Bg5 Qe8 12.Ndb5 Qf7 13.O-O Nf5 14.Nd5 c6 15.e4 
cxb5 16.exf5 Bxf5 17.Nxb6 axb6 18.Re1 Rae8 19.Bd5 Be6 20.Rxe6 Rxe6 21.Qg4 
Qxf2+ 22.Kh1 Kh8 23.Bxe6 Qxb2 24.Rd1 Rf2 25.Bd2 Rxd2 26.Rxd2 Qxd2 27.Bd5 
Qe1+ 28.Kg2 Qe8 29.cxb5 h5 30.Qe6 Qxe6 31.Bxe6 Bc3 32.Kf3 Kg7 33.Bd5 Kf6 
34.Bxb7 Ke5 35.Be4 g5 36.Bc6 d5 37.Be8 h4 38.gxh4 gxh4 39.Bd7 d4 40.Ke2 
Ke4 41.Bc6+ Kf4 42.Bd5 Kg3 43.Be4 h3 44.a4 h2 45.Bd5 Ba5 46.Bh1 d3+ 47.
Kxd3 Kf2 0-1

[Event "12th EUR-ch"]
[Site "Aix-les-Bains FRA"]
[Date "2011.03.23"]
[Round "2.16"]
[White "Kobalia, Mikhail"]
[Black "Sanikidze, Tornike"]
[Result "1-0"]
[WhiteElo "2672"]
[BlackElo "2542"]
[EventDate "2011.03.22"]
[PlyCount "79"]

1.e4 c5 2.Nf3 d6 3.d4 cxd4 4.Nxd4 Nf6 5.Nc3 Nc6 6.Bg5 e6 7.Qd2 Be7 8.O-O-O
Nxd4 9.Qxd4 O-O 10.f4 Qa5 11.e5 dxe5 12.Qxe5 Qxe5 13.fxe5 Nd5 14.Bxe7 Nxe7
15.Bd3 b6 16.Be4 Rb8 17.Rhe1 Bb7 18.Nb5 Bxe4 19.Rxe4 Rb7 20.Ra4 Nc6 21.Rd6
Nxe5 22.Rxa7 Rxa7 23.Nxa7 Nc4 24.Rc6 Ne3 25.Rxb6 Nxg2 26.Nc6 f5 27.Ne5 f4 
28.Nf3 g5 29.h3 Ne3 30.Rxe6 Ra8 31.Nxg5 Rxa2 32.Rf6 Nd5 33.Rf5 Ra5 34.Ne6 
h6 35.Nxf4 Ra1+ 36.Kd2 Ne7 37.Rf6 Rf1 38.Nd5 Rxf6 39.Nxf6+ Kf7 40.Ne4 1-0

[Event "12th EUR-ch"]
[Site "Aix-les-Bains FRA"]
[Date "2011.03.23"]
[Round "2.17"]
[White "Markos, Jan"]
[Black "Bologan, Viorel"]
[Result "1/2-1/2"]
[WhiteElo "2546"]
[BlackElo "2671"]
[EventDate "2011.03.22"]
[PlyCount "139"]

1.d4 Nf6 2.c4 c5 3.d5 b5 4.cxb5 a6 5.bxa6 g6 6.Nc3 Bxa6 7.e4 Bxf1 8.Kxf1 
d6 9.Nf3 Bg7 10.g3 O-O 11.Kg2 Nbd7 12.h3 Qa5 13.Bg5 Rfb8 14.Qc2 Ne8 15.
Rhc1 h6 16.Bf4 Nc7 17.Nd2 Qa6 18.a4 g5 19.Be3 Ne5 20.Ra3 Rb4 21.Nb5 Nxb5 
22.axb5 Qb7 23.Rxa8+ Qxa8 24.b3 Rxb5 25.f4 Nd7 26.fxg5 hxg5 27.Bxg5 Ra5 
28.Bf4 f5 29.exf5 Nf6 30.Qc4 Nxd5 31.h4 Rb5 32.Kh2 Rb4 33.Qe2 Nxf4 34.gxf4
Rxf4 35.Rc4 Be5 36.Rxf4 Bxf4+ 37.Kg1 Qa1+ 38.Kg2 Qg7+ 39.Kf1 Qg3 40.Nf3 
Qh3+ 41.Qg2+ Qxg2+ 42.Kxg2 Kf7 43.Kh3 Kf6 44.Kg4 Be3 45.h5 d5 46.Nh4 Bh6 
47.Nf3 c4 48.bxc4 dxc4 49.Nd4 Ke5 50.Nb5 Bc1 51.Nc3 Bh6 52.Nb5 Bd2 53.Na3 
c3 54.Nc2 Ke4 55.Nb4 Bh6 56.Nc2 Kd3 57.Nb4+ Ke4 58.Nc2 Bd2 59.Nb4 Ke5 60.
Nc2 Bh6 61.Nb4 Kd4 62.Kf3 Ke5 63.Kg4 Kd4 64.Kf3 Kc4 65.Nc2 Kd3 66.Nb4+ Kc4
67.Nc2 Kd3 68.Nb4+ Kd2 69.Ke4 Bg5 70.Ke5 1/2-1/2

[Event "12th EUR-ch"]
[Site "Aix-les-Bains FRA"]
[Date "2011.03.23"]
[Round "2.18"]
[White "Nielsen, Peter Heine"]
[Black "Gritsak, Orest"]
[Result "1-0"]
[WhiteElo "2670"]
[BlackElo "2539"]
[EventDate "2011.03.22"]
[PlyCount "107"]

1.d4 Nf6 2.c4 g6 3.Nc3 d5 4.Bg5 Bg7 5.Nf3 Ne4 6.Bh4 c5 7.cxd5 Nxc3 8.bxc3 
Qxd5 9.e3 cxd4 10.cxd4 Nc6 11.Be2 b6 12.O-O Bb7 13.Rc1 O-O 14.Qa4 Rac8 15.
Rc2 Nxd4 16.exd4 b5 17.Bxb5 Rxc2 18.Qxc2 Qxb5 19.Bxe7 Rc8 20.Qd1 Qd5 21.a3
h6 22.Re1 a6 23.h3 Bc6 24.Bc5 Rd8 25.Qc2 Rc8 26.Qe2 Bb5 27.Qe4 Qxe4 28.
Rxe4 Bc6 29.Re3 h5 30.Re7 Bf8 31.Re5 Bg7 32.Re3 Bh6 33.Rb3 Bf4 34.Rb6 Bb5 
35.h4 Bc4 36.Bd6 Bh6 37.Kh2 Bb5 38.Ng5 Bc4 39.Ne4 f5 40.Ng5 Bxg5 41.hxg5 
Bb5 42.Be5 Rc6 43.Rb7 Bc4 44.Kg3 Kf8 45.f3 Ke8 46.Kf4 Bf7 47.Bf6 Rd6 48.a4
Rc6 49.a5 Bc4 50.Re7+ Kf8 51.Rd7 Re6 52.Rg7 Re2 53.Rxg6 Rxg2 54.Rh6 1-0

[Event "12th EUR-ch"]
[Site "Aix-les-Bains FRA"]
[Date "2011.03.23"]
[Round "2.19"]
[White "Antal, Gergely"]
[Black "Mamedov, Rauf"]
[Result "1/2-1/2"]
[WhiteElo "2545"]
[BlackElo "2667"]
[EventDate "2011.03.22"]
[PlyCount "69"]

1.e4 c5 2.Nf3 Nc6 3.Bb5 d6 4.O-O Bd7 5.Re1 a6 6.Bxc6 Bxc6 7.d4 cxd4 8.Nxd4
Nf6 9.Nxc6 bxc6 10.Qf3 Qc7 11.Nd2 Nd7 12.Nc4 Ne5 13.Nxe5 dxe5 14.Bd2 e6 
15.Qg3 f6 16.Rad1 Bd6 17.Re3 O-O 18.Rd3 Rf7 19.Ba5 Qxa5 20.Rxd6 Qxa2 21.
Qc3 Qa4 22.b4 Rb8 23.Qc5 h6 24.c3 a5 25.bxa5 Ra8 26.Qxc6 Qxc6 27.Rxc6 Rxa5
28.h4 h5 29.c4 Ra2 30.Rc8+ Kh7 31.c5 Rc2 32.c6 Ra7 33.Rd7 Rxc6 34.Rxc6 
Rxd7 35.Rxe6 1/2-1/2

[Event "12th EUR-ch"]
[Site "Aix-les-Bains FRA"]
[Date "2011.03.23"]
[Round "2.20"]
[White "Georgiev, Kiril"]
[Black "Le Roux, Jean-Pierre"]
[Result "1/2-1/2"]
[WhiteElo "2666"]
[BlackElo "2538"]
[EventDate "2011.03.22"]
[PlyCount "332"]

1.d4 Nf6 2.c4 g6 3.Nc3 d5 4.Bf4 Bg7 5.e3 O-O 6.Rc1 Be6 7.Qb3 c5 8.Qxb7 Qb6
9.Qxb6 axb6 10.Nf3 dxc4 11.dxc5 Nd5 12.Nxd5 Bxd5 13.Bxc4 Bxc4 14.Rxc4 Rxa2
15.O-O bxc5 16.Rxc5 Na6 17.Rd5 Rxb2 18.g4 Rb7 19.Rfd1 f6 20.Bg3 Rc8 21.h4 
Kf7 22.Kg2 Nb4 23.R5d4 Nc6 24.R4d2 Na5 25.Rd5 Nc4 26.Kh3 Na3 27.Ra5 Nb5 
28.Rd3 Nc3 29.Nd2 Ne2 30.Bh2 Nc1 31.Rda3 Rd8 32.Nc4 Rb4 33.Rc3 Nd3 34.Nd6+
Rxd6 35.Bxd6 Nxf2+ 36.Kg2 Rb2 37.Ba3 Ra2 38.Rc7 Rxa3 39.Rxa3 Nxg4 40.e4 h5
41.Raa7 Bf8 42.Kg3 Ne5 43.Rab7 Ng4 44.Rc8 Ne5 45.Rd8 Nc6 46.Rd5 Ne5 47.Rb1
Ng4 48.Kf3 Bh6 49.Rb3 Bf8 50.Rc5 Bh6 51.Rbb5 Bg7 52.Ke2 Ne5 53.Rb1 Ng4 54.
Rf1 Ke6 55.Ra5 Ne5 56.Ra6+ Kf7 57.Ke3 Bh6+ 58.Kd4 Ng4 59.Rf3 Bd2 60.Ra1 
Bh6 61.Kd5 Ne3+ 62.Kc5 Ng4 63.Rb3 Be3+ 64.Kc6 Bd4 65.Ra2 Bf2 66.Rb7 Bxh4 
67.Raa7 f5 68.exf5 gxf5 69.Kd5 Bf6 70.Ra3 Ne5 71.Re3 Ng6 72.Rf3 Nh4 73.Rf2
Bg5 74.Rf1 Bf6 75.Ra7 Bg5 76.Ke5 Bf6+ 77.Kf4 Kg6 78.Rg1+ Kf7 79.Rb7 Ke6 
80.Re1+ Kf7 81.Rh1 Ng6+ 82.Kxf5 h4 83.Rb5 Nf8 84.Re1 Ng6 85.Kg4 Nf8 86.Kh5
Ne6 87.Rf1 Ng7+ 88.Kg4 Ne8 89.Kh3 Ke6 90.Re1+ Kf7 91.Kg4 Nd6 92.Rb8 Ne8 
93.Rf1 Nd6 94.Kh5 Ke6 95.Kg6 Nc4 96.Rbb1 Ne5+ 97.Kh5 Kf7 98.Rbd1 Ke6 99.
Rf4 Kf7 100.Re4 Ke6 101.Rf1 Kd6 102.Ra4 Ke6 103.Ra5 Kd6 104.Ra6+ Kd7 105.
Rb1 Ke8 106.Rd1 Kf7 107.Ra8 Ke6 108.Rad8 Kf7 109.Rf1 Ke6 110.Rd4 Nc6 111.
Rdd1 Ne5 112.Kh6 Kf7 113.Kh7 Ke6 114.Kg8 Ng4 115.Rf3 Ne5 116.Re3 Kf5 117.
Kh7 Ke6 118.Rf1 Kd6 119.Kg8 Ke6 120.Ree1 Kd6 121.Kf8 Nd7+ 122.Ke8 Ne5 123.
Kd8 Nc6+ 124.Kc8 Ne5 125.Kb7 Nd7 126.Rf5 Ne5 127.Rh5 Nd7 128.Rc1 Ne5 129.
Rf1 Nd7 130.Ka6 Ne5 131.Kb5 Ke6 132.Rxf6+ exf6 133.Rxh4 Ng6 134.Rh1 f5 
135.Kc4 Ne5+ 136.Kd4 Ng4 137.Ra1 Kf6 138.Kd3 Kg5 139.Ke2 Kf6 140.Ra5 Ne5 
141.Rb5 Ng4 142.Rb6+ Kg5 143.Re6 Kf4 144.Ra6 Kg5 145.Kd3 Kf4 146.Kd4 Kg5 
147.Ra1 Kf6 148.Ra8 Kg5 149.Kd5 Nf6+ 150.Ke5 Ng4+ 151.Ke6 Ne3 152.Ke5 Ng4+
153.Kd4 Nf6 154.Ra7 Kf4 155.Ra1 Kg5 156.Ke5 Ng4+ 157.Ke6 Ne3 158.Ra5 Kf4 
159.Rb5 Kg5 160.Rc5 Kf4 161.Kf6 Ng4+ 162.Kg6 Ne3 163.Ra5 Kg4 164.Ra4+ f4 
165.Kf6 Kg3 166.Rxf4 Kxf4 1/2-1/2

[Event "12th EUR-ch"]
[Site "Aix-les-Bains FRA"]
[Date "2011.03.23"]
[Round "2.21"]
[White "Pridorozhni, Aleksei"]
[Black "Cheparinov, Ivan"]
[Result "1/2-1/2"]
[WhiteElo "2542"]
[BlackElo "2664"]
[EventDate "2011.03.22"]
[PlyCount "73"]

1.e4 g6 2.d4 Bg7 3.Nc3 d6 4.Nf3 Nf6 5.Be2 O-O 6.O-O c6 7.a4 Nbd7 8.a5 Qc7 
9.Re1 e5 10.Bf1 Re8 11.g3 Rb8 12.d5 a6 13.Nd2 cxd5 14.Nxd5 Nxd5 15.exd5 b5
16.axb6 Nxb6 17.c4 f5 18.b4 e4 19.Rb1 Nd7 20.Nf3 Bb7 21.Nd4 Rbc8 22.Bf4 
Ne5 23.Bxe5 Bxe5 24.Ne6 Rxe6 25.dxe6 Qe7 26.c5 d5 27.Bxa6 Bxa6 28.Qxd5 Bf6
29.b5 Rxc5 30.Qa8+ Bc8 31.b6 Qb7 32.Qxb7 Bxb7 33.Rec1 Bd4 34.Rxc5 Bxc5 35.
Rc1 Bxb6 36.e7 Kf7 37.Rb1 1/2-1/2

[Event "12th EUR-ch"]
[Site "Aix-les-Bains FRA"]
[Date "2011.03.23"]
[Round "2.22"]
[White "Rapport, Richard"]
[Black "Fedorchuk, Sergei"]
[Result "1/2-1/2"]
[WhiteElo "2540"]
[BlackElo "2662"]
[EventDate "2011.03.22"]
[PlyCount "34"]

1.Nf3 Nf6 2.c4 e6 3.Nc3 Bb4 4.Qc2 c5 5.a3 Ba5 6.g3 Nc6 7.Bg2 O-O 8.O-O d6 
9.d3 h6 10.Rb1 e5 11.Na2 Nd4 12.Nxd4 cxd4 13.b4 Bb6 14.a4 a5 15.bxa5 Rxa5 
16.Qb3 Nd7 17.Ba3 Bc5 1/2-1/2

[Event "12th EUR-ch"]
[Site "Aix-les-Bains FRA"]
[Date "2011.03.23"]
[Round "2.23"]
[White "Khismatullin, Denis"]
[Black "Nevednichy, Vladislav"]
[Result "1-0"]
[WhiteElo "2662"]
[BlackElo "2534"]
[EventDate "2011.03.22"]
[PlyCount "75"]

1.d4 Nf6 2.c4 g6 3.Nc3 Bg7 4.Nf3 O-O 5.Bf4 d6 6.e3 Nh5 7.Bg5 h6 8.Bh4 g5 
9.Nd2 Nf6 10.Bg3 Bf5 11.h4 e6 12.hxg5 hxg5 13.Nf3 Nh7 14.Qb3 b6 15.O-O-O 
Nc6 16.Qa4 Ne7 17.e4 Bg6 18.Bd3 a6 19.Qc2 b5 20.c5 Re8 21.e5 d5 22.Bxg6 
Nxg6 23.Rh5 Nhf8 24.Nxg5 c6 25.Rdh1 a5 26.Ne2 b4 27.Nf4 b3 28.Qxb3 a4 29.
Qf3 f6 30.Nxg6 Nxg6 31.exf6 Qxf6 32.Qxf6 Bxf6 33.Nf3 Ra5 34.Rh6 Kf7 35.
Rh7+ Kg8 36.Rc7 Ne7 37.Bh4 Bxh4 38.Rxh4 1-0

[Event "12th EUR-ch"]
[Site "Aix-les-Bains FRA"]
[Date "2011.03.23"]
[Round "2.24"]
[White "Alsina Leal, Daniel"]
[Black "Fridman, Daniel"]
[Result "1/2-1/2"]
[WhiteElo "2538"]
[BlackElo "2661"]
[EventDate "2011.03.22"]
[PlyCount "36"]

1.e4 e6 2.d4 d5 3.Nd2 c5 4.exd5 Qxd5 5.Ngf3 cxd4 6.Bc4 Qd6 7.O-O Nf6 8.Nb3
Nc6 9.Nbxd4 Nxd4 10.Nxd4 Bd7 11.c3 Qc7 12.Bb3 Bd6 13.h3 O-O 14.Re1 Bh2+ 
15.Kh1 Bf4 16.Qf3 Bxc1 17.Raxc1 Rad8 18.Rcd1 Bc8 1/2-1/2

[Event "12th EUR-ch"]
[Site "Aix-les-Bains FRA"]
[Date "2011.03.23"]
[Round "2.25"]
[White "Smeets, Jan"]
[Black "Anisimov, Pavel"]
[Result "1/2-1/2"]
[WhiteElo "2660"]
[BlackElo "2532"]
[EventDate "2011.03.22"]
[PlyCount "52"]

1.d4 Nf6 2.c4 e6 3.g3 c5 4.d5 exd5 5.cxd5 d6 6.Nc3 g6 7.Bg2 Bg7 8.Nf3 O-O 
9.O-O a6 10.a4 Nbd7 11.Nd2 Re8 12.h3 Rb8 13.Nc4 Ne5 14.Na3 Nh5 15.e4 Bd7 
16.a5 b5 17.axb6 Bb5 18.Naxb5 axb5 19.Nxb5 Qxb6 20.Na3 Qb3 21.Kh2 Qxd1 22.
Rxd1 Rb3 23.Be3 Rxb2 24.Rdb1 Reb8 25.Rxb2 Rxb2 26.Rb1 Rxb1 1/2-1/2

[Event "12th EUR-ch"]
[Site "Aix-les-Bains FRA"]
[Date "2011.03.23"]
[Round "2.26"]
[White "Petrik, Tomas"]
[Black "Smirin, Ilia"]
[Result "1-0"]
[WhiteElo "2536"]
[BlackElo "2658"]
[EventDate "2011.03.22"]
[PlyCount "133"]

1.d4 Nf6 2.c4 g6 3.g3 Bg7 4.Bg2 d5 5.cxd5 Nxd5 6.Nf3 Nb6 7.Nc3 Nc6 8.e3 
O-O 9.O-O Re8 10.Re1 a5 11.Qe2 Be6 12.Nd2 a4 13.Rd1 Na5 14.Nde4 Qc8 15.Nc5
Bg4 16.f3 Bd7 17.e4 Bh3 18.Be3 Bxg2 19.Kxg2 a3 20.b3 Nc6 21.Rac1 e6 22.h4 
h5 23.e5 f6 24.exf6 Bxf6 25.N5e4 Bg7 26.d5 exd5 27.Nxd5 Nxd5 28.Rxd5 Qe6 
29.Rb5 b6 30.Qc2 Ne5 31.Ng5 Qd7 32.Rxe5 Rxe5 33.Rd1 Qb5 34.Bf2 Rxg5 35.
hxg5 Kh7 36.Qxc7 Qe2 37.Rd7 Rg8 38.Kg1 Qxf3 39.Qf4 Qc3 40.Bd4 Qe1+ 41.Kh2 
Qe2+ 42.Qf2 Qg4 43.Rxg7+ Rxg7 44.Bxg7 Kxg7 45.Qf6+ Kg8 46.Qxg6+ Kh8 47.
Qf6+ Kg8 48.Qg6+ Kh8 49.Qe8+ Kg7 50.Qe7+ Kg6 51.Qf6+ Kh7 52.Qf7+ Kh8 53.
Qf8+ Kh7 54.Qf7+ Kh8 55.Qf4 Qe2+ 56.Kh3 Kg7 57.Qd4+ Kh7 58.Qc4 Qf3 59.Qc2+
Kg7 60.Kh2 Qe3 61.Qf5 Qe2+ 62.Kh3 Qxa2 63.Qf6+ Kg8 64.Qe6+ Kg7 65.Qf6+ Kg8
66.g6 Qxb3 67.Qe7 1-0

[Event "12th EUR-ch"]
[Site "Aix-les-Bains FRA"]
[Date "2011.03.23"]
[Round "2.27"]
[White "Feller, Sebastien"]
[Black "Romanishin, Oleg"]
[Result "1/2-1/2"]
[WhiteElo "2657"]
[BlackElo "2530"]
[EventDate "2011.03.22"]
[PlyCount "121"]

1.d4 Nf6 2.c4 e6 3.Nc3 Bb4 4.Nf3 c5 5.g3 Nc6 6.Bg2 Ne4 7.Bd2 Nxd2 8.Qxd2 
cxd4 9.Nxd4 Qb6 10.Nc2 Be7 11.O-O O-O 12.Rab1 d6 13.Rfd1 Ne5 14.Qd4 Qc7 
15.Ne3 Bd7 16.Rbc1 a6 17.b3 f5 18.Qd2 Nf7 19.c5 Bc6 20.cxd6 Bxd6 21.Bxc6 
Qxc6 22.Ncd5 Qb5 23.a4 Qxb3 24.Rb1 Qa3 25.Nc4 Qc5 26.Nxd6 Qxd6 27.Nf6+ 
gxf6 28.Qxd6 Nxd6 29.Rxd6 Rf7 30.Rxe6 Rd8 31.Rb4 Kg7 32.Kg2 Rdd7 33.e3 
Rfe7 34.Reb6 Kg6 35.g4 fxg4 36.Rxg4+ Kf7 37.Rh4 Kg7 38.Rf4 Rf7 39.Rf5 Kg6 
40.Rf4 Kg7 41.Kf3 Rc7 42.Rfb4 h5 43.Kg3 Kg6 44.e4 Rc3+ 45.f3 Rd7 46.Rb2 
Rdd3 47.Rf2 Rb3 48.Rxb3 Rxb3 49.Rd2 Rb4 50.Rd7 a5 51.h4 Rxa4 52.Rxb7 Rb4 
53.Ra7 a4 54.Ra5 Rc4 55.Ra6 Kg7 56.Kf4 Kg6 57.Ke3 Rc3+ 58.Ke2 a3 59.e5 Kf5
60.exf6 Kg6 61.Ra5 1/2-1/2

[Event "12th EUR-ch"]
[Site "Aix-les-Bains FRA"]
[Date "2011.03.23"]
[Round "2.28"]
[White "Gabrielian, Artur"]
[Black "Potkin, Vladimir"]
[Result "0-1"]
[WhiteElo "2532"]
[BlackElo "2653"]
[EventDate "2011.03.22"]
[PlyCount "60"]

1.d4 d5 2.c4 c6 3.Nf3 Nf6 4.Nc3 dxc4 5.a4 e6 6.e3 c5 7.Bxc4 Nc6 8.O-O cxd4
9.exd4 Be7 10.Re1 O-O 11.Bg5 b6 12.d5 Nxd5 13.Bxd5 exd5 14.Nd4 Bxg5 15.
Nxc6 Qd6 16.Qxd5 Qxd5 17.Nxd5 Bd7 18.Nce7+ Bxe7 19.Nxe7+ Kh8 20.f4 g6 21.
b4 Kg7 22.b5 Rfd8 23.Rac1 Be6 24.Nc6 Rd2 25.Rcd1 Ra2 26.Rd4 Kf6 27.Kf1 Bb3
28.Ree4 h5 29.h4 a5 30.Rd6+ Kg7 0-1

[Event "12th EUR-ch"]
[Site "Aix-les-Bains FRA"]
[Date "2011.03.23"]
[Round "2.29"]
[White "Gharamian, Tigran"]
[Black "Esen, Baris"]
[Result "0-1"]
[WhiteElo "2650"]
[BlackElo "2528"]
[EventDate "2011.03.22"]
[PlyCount "148"]

1.e4 c5 2.Nf3 d6 3.d4 cxd4 4.Nxd4 Nf6 5.Nc3 a6 6.Be3 e5 7.Nb3 Be6 8.Qd2 
Nbd7 9.O-O-O Be7 10.f4 b5 11.Kb1 Rc8 12.h3 h5 13.f5 Bc4 14.Bxc4 bxc4 15.
Nc1 h4 16.Rhe1 Rb8 17.Bg5 Qb6 18.b3 Qc6 19.Bxf6 Nxf6 20.Nd5 Nxd5 21.Qxd5 
Qc7 22.Ka1 O-O 23.Qxc4 Qxc4 24.bxc4 Rfc8 25.Rd3 Rxc4 26.c3 d5 27.Rxd5 Rxc3
28.Nd3 f6 29.Rc1 Rxc1+ 30.Nxc1 Rb4 31.Rd7 Bf8 32.Ne2 Rxe4 33.Nc3 Rf4 34.
Ra7 Rxf5 35.Rxa6 Rf2 36.a4 Bc5 37.Rc6 Bd4 38.Kb1 f5 39.Nb5 Rb2+ 40.Kc1 Rb4
41.Nxd4 Rxd4 42.Rc5 Rxa4 43.Rxe5 g6 44.Re2 Kf7 45.Rb2 Rd4 46.Re2 Kf6 47.
Kc2 Kg5 48.Kc3 Rd1 49.Rf2 Kf6 50.Re2 Rd6 51.Kc2 g5 52.Kc3 g4 53.Rd2 Ra6 
54.Kd3 Ra3+ 55.Ke2 gxh3 56.gxh3 Rxh3 57.Rd8 Kg5 58.Kf2 Kg4 59.Kg2 Ra3 60.
Rg8+ Kf4 61.Rb8 Re3 62.Rb4+ Kg5 63.Rb8 Rd3 64.Ra8 h3+ 65.Kf2 f4 66.Rf8 Re3
67.Rg8+ Kh4 68.Rh8+ Kg4 69.Rg8+ Kf5 70.Rg7 Ke4 71.Ra7 Rd3 72.Ra8 Rb3 73.
Ra7 f3 74.Re7+ Kf4 0-1

[Event "12th EUR-ch"]
[Site "Aix-les-Bains FRA"]
[Date "2011.03.23"]
[Round "2.30"]
[White "Apicella, Manuel"]
[Black "Gustafsson, Jan"]
[Result "1/2-1/2"]
[WhiteElo "2531"]
[BlackElo "2647"]
[EventDate "2011.03.22"]
[PlyCount "53"]

1.c4 c6 2.Nf3 d5 3.b3 Bg4 4.Bb2 Nd7 5.d3 Bxf3 6.gxf3 e5 7.Bh3 Ngf6 8.Rg1 
g6 9.f4 exf4 10.Bxd7+ Kxd7 11.cxd5 Nxd5 12.Bxh8 Bb4+ 13.Bc3 Nxc3 14.Nxc3 
Bxc3+ 15.Kf1 Bxa1 16.Qxa1 Ke6 17.Qc3 Qf6 18.Qc4+ Kd6 19.Rg4 f3 20.exf3 
Qxf3 21.Re4 Rd8 22.Qb4+ c5 23.Rd4+ Ke5 24.Qxc5+ Kf6 25.Rxd8 Qd1+ 26.Kg2 
Qg4+ 27.Kf1 1/2-1/2

[Event "12th EUR-ch"]
[Site "Aix-les-Bains FRA"]
[Date "2011.03.23"]
[Round "2.31"]
[White "Korobov, Anton"]
[Black "Brandenburg, Daan"]
[Result "1/2-1/2"]
[WhiteElo "2647"]
[BlackElo "2527"]
[EventDate "2011.03.22"]
[PlyCount "78"]

1.d4 Nf6 2.c4 c5 3.d5 b5 4.cxb5 a6 5.bxa6 g6 6.Nc3 Bxa6 7.g3 d6 8.Bg2 Bg7 
9.Nf3 Nbd7 10.O-O Nb6 11.Re1 O-O 12.Rb1 Bc4 13.e4 Bxa2 14.Nxa2 Rxa2 15.b4 
cxb4 16.Rxb4 Nfd7 17.Nd4 Qc7 18.Nc6 Bc3 19.Nxe7+ Kg7 20.Nc6 Ne5 21.Rb3 
Bxe1 22.Qxe1 Rc2 23.Bb2 Nc4 24.Bc3 Ra8 25.f4 Raa2 26.Bf1 Nd2 27.Bxd2 Rxd2 
28.fxe5 dxe5 29.Qe3 Rxh2 30.g4 Qd6 31.Qc3 h5 32.Qxe5+ Qxe5 33.Nxe5 hxg4 
34.Nxg4 Rh4 35.Rg3 f5 36.Ne5 Kf6 37.Nd7+ Ke7 38.Rxg6 Rxe4 39.d6+ Kf7 
1/2-1/2

[Event "12th EUR-ch"]
[Site "Aix-les-Bains FRA"]
[Date "2011.03.23"]
[Round "2.32"]
[White "Conquest, Stuart"]
[Black "Tkachiev, Vladislav"]
[Result "1/2-1/2"]
[WhiteElo "2529"]
[BlackElo "2646"]
[EventDate "2011.03.22"]
[PlyCount "85"]

1.Nf3 Nf6 2.c4 c6 3.Nc3 d5 4.e3 a6 5.d4 e6 6.Bd2 dxc4 7.Bxc4 c5 8.Rc1 Nbd7
9.O-O Be7 10.a4 O-O 11.Qe2 b6 12.Rfd1 Bb7 13.e4 cxd4 14.Nxd4 Qb8 15.h3 Ne5
16.Bb3 Ng6 17.Nf3 h6 18.Bc2 Rc8 19.Be3 Bc5 20.Bb1 Ne5 21.Bf4 Nxf3+ 22.Qxf3
e5 23.Bxh6 Bd4 24.Bg5 Rc6 25.Nd5 Nxd5 26.Rxc6 Bxc6 27.exd5 Bd7 28.d6 Qe8 
29.Be7 Be6 30.b3 Rc8 31.Be4 Qd7 32.Bd5 Rc3 33.Bxe6 fxe6 34.Qf8+ Kh7 35.Qf7
Rxb3 36.Re1 Qc6 37.Qxe6 Bxf2+ 38.Kxf2 Rb2+ 39.Re2 Qc5+ 40.Kf3 Qc6+ 41.Kg4 
Rxe2 42.Qf5+ Kg8 43.Qf8+ 1/2-1/2

[Event "12th EUR-ch"]
[Site "Aix-les-Bains FRA"]
[Date "2011.03.23"]
[Round "2.33"]
[White "Andriasian, Zaven"]
[Black "Godena, Michele"]
[Result "1/2-1/2"]
[WhiteElo "2645"]
[BlackElo "2526"]
[EventDate "2011.03.22"]
[PlyCount "55"]

1.c4 e5 2.Nc3 Bb4 3.g3 Bxc3 4.bxc3 d6 5.Bg2 Ne7 6.d3 Nbc6 7.f4 Ng6 8.Nf3 
exf4 9.Bxf4 Nce5 10.O-O Nxf3+ 11.Bxf3 O-O 12.Qd2 Rb8 13.Bg5 Qe8 14.Bg2 f6 
15.Bf4 Bd7 16.Rae1 Qc8 17.h4 Bg4 18.Rf2 Qd7 19.Ref1 Rbe8 20.e3 b6 21.Kh2 
Re7 22.Bd5+ Kh8 23.Bf3 Rfe8 24.e4 Bxf3 25.Rxf3 Qg4 26.Be3 Kg8 27.a4 Re5 
28.Bd4 1/2-1/2

[Event "12th EUR-ch"]
[Site "Aix-les-Bains FRA"]
[Date "2011.03.23"]
[Round "2.34"]
[White "Sokolov, Ivan"]
[Black "Kabanov, Nikolai"]
[Result "1/2-1/2"]
[WhiteElo "2643"]
[BlackElo "2524"]
[EventDate "2011.03.22"]
[PlyCount "85"]

1.d4 Nf6 2.c4 g6 3.Nc3 Bg7 4.e4 d6 5.h3 O-O 6.Be3 e5 7.d5 Na6 8.Bd3 Nc5 9.
Bc2 a5 10.a3 c6 11.Nf3 cxd5 12.cxd5 Bd7 13.O-O Qc7 14.Rc1 Rfc8 15.b4 axb4 
16.axb4 Na6 17.Bb1 Qd8 18.Qb3 Nh5 19.Na4 Nf4 20.Rxc8 Rxc8 21.Kh2 Bb5 22.
Re1 Qf6 23.Nb6 Rc7 24.Qa3 h6 25.Ng1 g5 26.g3 Ng6 27.Kg2 Qd8 28.Ne2 h5 29.
Qa5 Bxe2 30.Rxe2 Qf6 31.Rc2 g4 32.hxg4 hxg4 33.Rxc7 Nxc7 34.Nc4 Qf3+ 35.
Kh2 Nf4 36.gxf4 exf4 37.Qxc7 Qh3+ 38.Kg1 f3 39.Qd8+ Bf8 40.Qg5+ Bg7 41.
Qd8+ Bf8 42.Qg5+ Bg7 43.Qd8+ 1/2-1/2

[Event "12th EUR-ch"]
[Site "Aix-les-Bains FRA"]
[Date "2011.03.23"]
[Round "2.35"]
[White "Cmilyte, Viktorija"]
[Black "Pashikian, Arman"]
[Result "1/2-1/2"]
[WhiteElo "2526"]
[BlackElo "2642"]
[EventDate "2011.03.22"]
[PlyCount "73"]

1.d4 Nf6 2.c4 e6 3.Nf3 d5 4.Nc3 Bb4 5.cxd5 exd5 6.Bg5 h6 7.Bxf6 Qxf6 8.Qb3
c5 9.e3 O-O 10.a3 Bxc3+ 11.Qxc3 Nd7 12.Be2 a6 13.O-O b6 14.b3 Bb7 15.Rfc1 
Rfc8 16.dxc5 bxc5 17.b4 Qxc3 18.Rxc3 c4 19.Nd4 g6 20.h4 a5 21.Rb1 axb4 22.
Rxb4 Nc5 23.h5 Ra4 24.hxg6 fxg6 25.Bg4 Rca8 26.Rxb7 Nxb7 27.Be6+ Kg7 28.
Bxd5 R8a7 29.Bc6 R4a5 30.Nb5 R7a6 31.Bxb7 Rb6 32.Be4 Rbxb5 33.Rxc4 Rc5 34.
Rb4 Rcb5 35.Rc4 Rc5 36.Rb4 Rcb5 37.Rc4 1/2-1/2

[Event "12th EUR-ch"]
[Site "Aix-les-Bains FRA"]
[Date "2011.03.23"]
[Round "2.36"]
[White "Alexandrov, Alexei"]
[Black "Vaisser, Anatoly"]
[Result "0-1"]
[WhiteElo "2638"]
[BlackElo "2522"]
[EventDate "2011.03.22"]
[PlyCount "112"]

1.Nf3 d5 2.d4 Nf6 3.c4 e6 4.Nc3 Be7 5.Bf4 O-O 6.a3 b6 7.cxd5 Nxd5 8.Nxd5 
Qxd5 9.Bxc7 Nc6 10.e3 Bb7 11.Be2 Rac8 12.Bg3 Na5 13.O-O Qb3 14.Qb1 Nc4 15.
Bxc4 Qxc4 16.Rd1 Qb3 17.Ne1 h6 18.Rd3 Qb5 19.Qd1 Ba6 20.Rb1 Rc4 21.h3 Rfc8
22.Rd2 Qc6 23.f3 Bg5 24.Bf2 Qd6 25.Nd3 Bf6 26.Qe1 Bb5 27.Bg3 Qd8 28.Qf2 
Rxd4 29.exd4 Bxd4 30.Rbd1 Bxf2+ 31.Nxf2 Qe7 32.Ne4 Ba4 33.Re1 Rc2 34.Rd4 
Bc6 35.b4 e5 36.Nf2 f6 37.Rd3 Bb5 38.Rde3 Qc7 39.Kh2 Rc3 40.Ne4 Rxe3 41.
Rxe3 Kh7 42.h4 Kg6 43.Rc3 Qe7 44.Rc1 Qd7 45.Rc2 Bc6 46.Rd2 Qe7 47.Nd6 Qe6 
48.Bf2 h5 49.Bg3 a6 50.Bf2 Bd5 51.Nc8 Bxf3 52.Nxb6 Bc6 53.Bg3 Kh7 54.a4 
Bxg2 55.Nd7 Qh3+ 56.Kg1 Qh1+ 0-1

[Event "12th EUR-ch"]
[Site "Aix-les-Bains FRA"]
[Date "2011.03.23"]
[Round "2.37"]
[White "Pavlov, Sergey"]
[Black "Bartel, Mateusz"]
[Result "0-1"]
[WhiteElo "2526"]
[BlackElo "2638"]
[EventDate "2011.03.22"]
[PlyCount "88"]

1.e4 e5 2.Nf3 Nc6 3.Bb5 a6 4.Ba4 Nf6 5.O-O b5 6.Bb3 Bb7 7.d3 Bd6 8.a4 h6 
9.Nc3 b4 10.Ne2 O-O 11.Ng3 Re8 12.Be3 Na5 13.Ba2 Bf8 14.Nd2 d5 15.f4 d4 
16.Bf2 exf4 17.Ne2 g5 18.Nxd4 c5 19.Nf5 Bc8 20.Qf3 Nc6 21.Nc4 Bxf5 22.exf5
Nd4 23.Bxd4 Qxd4+ 24.Kh1 Ra7 25.Rae1 Rae7 26.Rxe7 Rxe7 27.g3 fxg3 28.hxg3 
Bg7 29.Rf2 g4 30.Qg2 Nh5 31.Kh2 Be5 32.Nxe5 Qxe5 33.f6 Nxf6 34.Bc4 h5 35.
Bxa6 h4 36.Rf4 Qd6 37.Bc4 Re3 38.Qf1 Kg7 39.a5 Rxg3 40.Kh1 Qc6+ 41.Re4 
Nxe4 42.Qxf7+ Kh6 43.Qf8+ Kg5 44.Qg8+ Kf4 0-1

[Event "12th EUR-ch"]
[Site "Aix-les-Bains FRA"]
[Date "2011.03.23"]
[Round "2.38"]
[White "Guliyev, Namig"]
[Black "Khairullin, Ildar"]
[Result "0-1"]
[WhiteElo "2522"]
[BlackElo "2634"]
[EventDate "2011.03.22"]
[PlyCount "94"]

1.e4 c6 2.d4 d5 3.Nc3 dxe4 4.Nxe4 Bf5 5.Ng3 Bg6 6.Bc4 e6 7.N1e2 Nf6 8.Bb3 
Bd6 9.Nf4 Qc7 10.Qf3 a5 11.a4 Nbd7 12.O-O O-O 13.Nxg6 hxg6 14.Bg5 c5 15.
dxc5 Nxc5 16.Bxf6 gxf6 17.Qxf6 Be5 18.Qf3 Bxb2 19.Rab1 Be5 20.h4 Rad8 21.
h5 Bxg3 22.fxg3 Qe5 23.Rbe1 Qxh5 24.Qxh5 gxh5 25.Re5 b6 26.Rxh5 Kg7 27.
Rg5+ Kh6 28.Rg4 f5 29.Rgf4 Rg8 30.g4 Rd2 31.Rxf5 exf5 32.Bxg8 fxg4 33.Bb3 
Kg5 34.Kh2 Nxb3 35.cxb3 Rb2 36.Rf8 Rxb3 37.Rg8+ Kf4 38.Rf8+ Ke5 39.Rg8 Rb4
40.Rg6 Kd5 41.Kg3 Kc5 42.Rg5+ Kc6 43.Rg6+ Kb7 44.Rg7+ Ka6 45.Rxg4 Rxg4+ 
46.Kxg4 b5 47.axb5+ Kxb5 0-1

[Event "12th EUR-ch"]
[Site "Aix-les-Bains FRA"]
[Date "2011.03.23"]
[Round "2.39"]
[White "Hracek, Zbynek"]
[Black "Jansa, Vlastimil"]
[Result "1-0"]
[WhiteElo "2631"]
[BlackElo "2513"]
[EventDate "2011.03.22"]
[PlyCount "83"]

1.d4 Nf6 2.c4 g6 3.Nc3 d5 4.cxd5 Nxd5 5.e4 Nxc3 6.bxc3 Bg7 7.Bc4 O-O 8.Ne2
c5 9.O-O Nc6 10.Be3 Na5 11.Bd3 b6 12.Qd2 e6 13.h4 Bb7 14.h5 cxd4 15.cxd4 
Rc8 16.Rac1 Rxc1 17.Rxc1 Qa8 18.h6 Bh8 19.f3 Rc8 20.e5 f6 21.Qb4 Rxc1+ 22.
Bxc1 Qf8 23.Qxf8+ Kxf8 24.f4 Nc6 25.g4 Kf7 26.g5 Nb4 27.Bb1 Ba6 28.Kf2 f5 
29.Bd2 Nc6 30.Bc3 Ne7 31.Nc1 Nd5 32.Bd2 Ke7 33.Nd3 Bc4 34.Nb4 a5 35.Nxd5+ 
Bxd5 36.a3 Kd7 37.Bd3 Bc6 38.Ke2 Ke7 39.Ba6 Kd7 40.Kd3 Bg2 41.Bb5+ Ke7 42.
Kc3 1-0